Statistics for Советские мультфильмы по картинкам

Click here to take the quiz!

General Stats

  • This quiz has been taken 282 times
  • The average score is 10 of 16

Answer Stats

Answer% Correct
Чебурашка
98%
Маугли
95%
Бременские музыканты
93%
Простоквашино
92%
Приключения Буратино
90%
Снежная королева
85%
Ёжик в тумане
81%
Умка
73%
Чиполлино
69%
Щелкунчик
69%
Аленький цветочек
46%
Тайна третьей планеты
42%
Варежка
31%
Голубой щенок
23%
Фильм, фильм, фильм
16%
Пёс в сапогах
11%

Score Distribution

Percentile by Number Answered

Percent of People with Each Score

Your Score History

You have not taken this quiz